| 000 | 01197nam a2200241 a 4500 | ||
|---|---|---|---|
| 008 | 120416s1985 ||||||||||||||||| || u | ||
| 020 | _a0534045189 | ||
| 050 | _aHD 30.28 Com | ||
| 100 | _aComerford, Robert A | ||
| 245 | 1 | 0 | _aStrategic management: text, tools, and cases for business policy |
| 260 |
_aBoston _bKent Publishing Co _c1985. |
||
| 300 | _axiii, 866p. : ill. | ||
| 350 | _a0.00 | ||
| 500 | _aBibliography. | ||
| 650 | 0 | _aBUSINESS PLANNING | |
| 650 | _aBUSINESS PLANNING--CASE STUDIES | ||
| 650 | 0 | _aMANAGEMENT | |
| 700 | _aCallaghan, Dennis W | ||
| 995 |
_aBINDERY (DAMAGED) _D0.00 _e712500 _FCBU-MAIN LIBRARY (Kitwe) _H1 _I18.95 _jHD 30.28 Com _M2 _UDAMAGED _y003094 _ZMain Library Open Access Collection |
||
| 995 |
_aBINDERY (DAMAGED) _D0.00 _e721396 _FCBU-MAIN LIBRARY (Kitwe) _H2 _I18.95 _jHD 30.28 Com _M3 _UDAMAGED _y003095 _ZMain Library Open Access Collection |
||
| 995 |
_aBINDERY (DAMAGED) _D0.00 _e726918 _FCBU-MAIN LIBRARY (Kitwe) _H3 _I18.95 _jHD 30.28 Com _M1 _UDAMAGED _y000130 _ZMain Library Open Access Collection |
||
| 995 |
_aBINDERY (DAMAGED) _D0.00 _e719191 _FCBU-MAIN LIBRARY (Kitwe) _H4 _I18.95 _jHD 30.28 Com _M4 _UDAMAGED _WJul 26, 2006 _y020440 _ZMain Library Open Access Collection |
||
| 999 |
_c76858 _d76858 |
||